Against the grain : (Record no. 112933)
[ view plain ]
| 000 -LEADER | |
|---|---|
| fixed length control field | 00638cam a2200193 4500 |
| 008 - FIXED-LENGTH DATA ELEMENTS--GENERAL INFORMATION | |
| fixed length control field | 081208n 000 0 eng u |
| 020 ## - INTERNATIONAL STANDARD BOOK NUMBER | |
| International Standard Book Number | 1770071121 |
| 035 ## - SYSTEM CONTROL NUMBER | |
| System control number | (Sirsi) a163164 |
| 040 ## - CATALOGING SOURCE | |
| Original cataloging agency | CIP |
| 050 ## - LIBRARY OF CONGRESS CALL NUMBER | |
| Classification number | PN 5499.Z55 NYA 2006 |
| 100 ## - MAIN ENTRY--PERSONAL NAME | |
| Personal name | Nyarota, Geoffrey. |
| 245 ## - TITLE STATEMENT | |
| Title | Against the grain : |
| Remainder of title | memoirs of a Zimbabwean newsman/ |
| Statement of responsibility, etc. | Geoffrey Nyarota. |
| 260 ## - PUBLICATION, DISTRIBUTION, ETC. | |
| Place of publication, distribution, etc. | Capetown : |
| Name of publisher, distributor, etc. | Zebra Press, |
| Date of publication, distribution, etc. | 2006. |
| 300 ## - PHYSICAL DESCRIPTION | |
| Extent | xvi, 352p. |
| 504 ## - BIBLIOGRAPHY, ETC. NOTE | |
| Bibliography, etc. note | Includes bibliographical references and index. |
| 650 ## - SUBJECT ADDED ENTRY--TOPICAL TERM | |
| Topical term or geographic name entry element | Newspaper Editors - Zimbabwe - Biography. |
| 650 ## - SUBJECT ADDED ENTRY--TOPICAL TERM | |
| Topical term or geographic name entry element | Zimbabwe - History - 1965-1980 |
| 650 ## - SUBJECT ADDED ENTRY--TOPICAL TERM | |
| Topical term or geographic name entry element | Zimbabwe - History- 1980 |
| Withdrawn status | Lost status | Source of classification or shelving scheme | Damaged status | Not for loan | Home library | Current library | Shelving location | Cost, normal purchase price | Total Checkouts | Full call number | Barcode | Date last seen | Copy number | Price effective from | Koha item type |
|---|---|---|---|---|---|---|---|---|---|---|---|---|---|---|---|
| Library of Congress Classification | Main Library | Main Library | Special collections | 0.00 | PN 5499.Z55 NYA 2006 | 33729005836890 | 08/19/2019 | 1 | 08/19/2019 | Book |